Dielectric resonators / (Record no. 17454)
[ view plain ]
| 000 -LEADER | |
|---|---|
| fixed length control field | 00881cam a22002653u 4500 |
| 001 - CONTROL NUMBER | |
| control field | 011717467 |
| 005 - DATE AND TIME OF LATEST TRANSACTION | |
| control field | 20130509160053.0 |
| 008 - FIXED-LENGTH DATA ELEMENTS--GENERAL INFORMATION | |
| fixed length control field | 020327s1998 xxua || 001 ||eng |
| 020 ## - INTERNATIONAL STANDARD BOOK NUMBER | |
| International Standard Book Number | 1884932053 |
| 020 ## - INTERNATIONAL STANDARD BOOK NUMBER | |
| International Standard Book Number | 9781884932052 |
| 082 ## - DEWEY DECIMAL CLASSIFICATION NUMBER | |
| Edition number | 22 |
| Classification number | 621.381 |
| Item number | DIE |
| 245 00 - TITLE STATEMENT | |
| Title | Dielectric resonators / |
| Statement of responsibility, etc | Darko Kajfez and Pierre Guillon, editors. |
| 250 ## - EDITION STATEMENT | |
| Edition statement | 2nd ed. |
| 260 ## - PUBLICATION, DISTRIBUTION, ETC. (IMPRINT) | |
| Place of publication, distribution, etc | Atlanta, Ga. : |
| Name of publisher, distributor, etc | Noble, |
| Date of publication, distribution, etc | c1998. |
| 300 ## - PHYSICAL DESCRIPTION | |
| Extent | 547 p. : |
| Other physical details | ill. ; |
| Dimensions | 24 cm. |
| 490 0# - Series Statement | |
| Series statement | Noble Publisahing classic series |
| 500 ## - GENERAL NOTE | |
| General note | Previous ed.: Denham, Mass. : Artech House, 1986. |
| 500 ## - GENERAL NOTE | |
| General note | One 3 1/2" computer disk in pocket attached to inside back cover. |
| 504 ## - BIBLIOGRAPHY, ETC. NOTE | |
| Bibliography, etc | Includes bibliographical references and index. |
| 650 ## - SUBJECT ADDED ENTRY--TOPICAL TERM | |
| Topical term or geographic name as entry element | Dielectric wave guides. |
| 9 (RLIN) | 6627 |
| 653 ## - INDEX TERM--UNCONTROLLED | |
| Resource For college | |
| Arrived date list | May2013 |
| 700 1# - ADDED ENTRY--PERSONAL NAME | |
| Personal name | Kajfez, Darko. |
| 9 (RLIN) | 33165 |
| 700 1# - ADDED ENTRY--PERSONAL NAME | |
| Personal name | Guillon, Pierre. |
| 9 (RLIN) | 33166 |
| 942 ## - ADDED ENTRY ELEMENTS (KOHA) | |
| Source of classification or shelving scheme | Dewey Decimal Classification |
| Item type | Book - Borrowing |
| Withdrawn status | Item status | Source of classification or shelving scheme | Damaged status | Not for loan | Vendor | Home library | Current library | Shelving location | Date acquired | Source of acquisition | Cost, normal purchase price | Serial Enumeration / chronology | Total Checkouts | Full call number | Barcode | Date last seen | Cost, replacement price | Koha item type |
|---|---|---|---|---|---|---|---|---|---|---|---|---|---|---|---|---|---|---|
| Dewey Decimal Classification | Baccah | Central Library | Central Library | First floor | 09/05/2013 | Purchase | 820.00 | 17664 | 621.381 DIE | 000028719 | 15/07/2025 | 1025.00 | Book - Borrowing |